[Event "Olomouc Chess Summer 2023 - D2"]
[Site "Olomouc (CZE), Hotel Flora"]
[Date "2023.08.14"]
[Round "4"]
[Board "9"]
[White "Brousek, Jiri"]
[Black "Pesek, Petr"]
[Result "1/2-1/2"]
[WhiteElo "1792"]
[BlackElo "1927"]
[PlyCount "0"]
[EventDate "2023.08.12"]
[EventRounds "9"]
[EventCountry "CZE"]

1. d4 Nf6 2. Nf3 d5 3. e3 Bg4 4. c4 c6 5. Nc3 e6 6. cxd5 exd5 7. Qb3 Qb6 8. Qxb6
axb6 9. Ne5 Bf5 10. f3 Nbd7 11. Nxd7 Nxd7 12. e4 dxe4 13. fxe4 Bg6 14. Bd3 Be7 15.
O-O O-O 16. Be3 Rfd8 17. Rad1 c5 18. Bb1 cxd4 19. Bxd4 Nc5 20. h3 Nd7 21. Nd5 Bc5
22. Bxc5 bxc5 23. Ne7+ Kf8 24. Nxg6+ hxg6 25. Rd5 Ke7 26. a3 b6 27. Ba2 f6  1/2-1/2

[Event "Olomouc Chess Summer 2023 - D2"]
[Site "Olomouc (CZE), Hotel Flora"]
[Date "2023.08.14"]
[Round "4"]
[Board "10"]
[White "Novotny, Jaroslav"]
[Black "Kulhavy, Frantisek"]
[Result "1/2-1/2"]
[WhiteElo "1919"]
[BlackElo "1801"]
[PlyCount "0"]
[EventDate "2023.08.12"]
[EventRounds "9"]
[EventCountry "CZE"]

1. e4 c5 2. Nf3 e6 3. d4 cxd4 4. Nxd4 Nf6 5. Bd3 a6 6. O-O Qc7 7. Qe2 d6 8. c4 Nbd7
9. Nc3 Ne5 10. Bd2 Nxd3 11. Qxd3 b6 12. Rac1 Bb7 13. Rfe1 Nd7 14. b3 Be7 15. f4 Bf6
16. Na4 O-O 17. Nf3 Rad8 18. Be3 Nc5 19. Nxc5 dxc5 20. Qc2 Rd7 21. e5 Be7 22. Rcd1
Rfd8 23. Rxd7 Rxd7 24. Kf2 Qd8 25. Re2 Bh4+ 26. g3 Be7 27. Rd2 g6 28. Qd1 Rxd2+ 29.
Qxd2 Qxd2+ 30. Nxd2 a5 31. Ke2  1/2-1/2

[Event "Olomouc Chess Summer 2023 - D2"]
[Site "Olomouc (CZE), Hotel Flora"]
[Date "2023.08.14"]
[Round "4"]
[Board "11"]
[White "Green, Per"]
[Black "Lexa, Vaclav"]
[Result "0-1"]
[WhiteElo "1919"]
[BlackElo "1767"]
[PlyCount "0"]
[EventDate "2023.08.12"]
[EventRounds "9"]
[EventCountry "CZE"]

1. c4 Nf6 2. g3 c5 3. Bg2 g6 4. Nc3 Bg7 5. Nf3 Nc6 6. d4 cxd4 7. Nxd4 Nxd4 8. Qxd4
O-O 9. O-O d6 10. Qd3 Rb8 11. Bd2 Nd7 12. Qc2 b6 13. Nd5 Bb7 14. Bc3 Ne5 15. f4 Ng4
16. Bxg7 Bxd5 17. Bxf8 Bxg2 18. Qc3 Qxf8 19. Kxg2 Rc8 20. h3 Nf6 21. Qd4 Rc7 22.
e4 Qc8 23. b3 Rc5 24. Rae1 Rh5 25. Rh1 Qc6 26. g4 Rc5 27. Kg3 b5 28. e5 dxe5 29.
fxe5 Qc7 30. cxb5 Nd7 31. Rhf1 Nxe5 32. Qf4 f6 33. Rc1 g5 34. Qd4 Nc6+  0-1

[Event "Olomouc Chess Summer 2023 - D2"]
[Site "Olomouc (CZE), Hotel Flora"]
[Date "2023.08.14"]
[Round "4"]
[Board "12"]
[White "Modrova, Hana"]
[Black "Musil, Vitezslav"]
[Result "1/2-1/2"]
[WhiteElo "1781"]
[BlackElo "1871"]
[PlyCount "0"]
[EventDate "2023.08.12"]
[EventRounds "9"]
[EventCountry "CZE"]

1. d4 Nf6 2. Nf3 g6 3. Bg5 Bg7 4. e3 d6 5. Nbd2 c6 6. c3 Nbd7 7. Bd3 O-O 8. Qc2 d5
9. O-O Qe8 10. h3 e5 11. dxe5 Nxe5 12. Nxe5 Qxe5 13. Bf4 Qe7 14. e4 dxe4 15. Nxe4
Nxe4 16. Bxe4 Be6 17. Rfe1 Rfd8 18. Rad1  1/2-1/2

[Event "Olomouc Chess Summer 2023 - D2"]
[Site "Olomouc (CZE), Hotel Flora"]
[Date "2023.08.14"]
[Round "4"]
[Board "13"]
[White "Dvorak, Vladimir"]
[Black "Kolek, Josef"]
[Result "1/2-1/2"]
[WhiteElo "1864"]
[BlackElo "1752"]
[PlyCount "0"]
[EventDate "2023.08.12"]
[EventRounds "9"]
[EventCountry "CZE"]

1. e4 d6 2. d4 g6 3. Nc3 Bg7 4. Be3 Nf6 5. Qd2 Ng4 6. Bg5 h6 7. Bh4 g5 8. Bg3 Nc6
9. Nf3 e5 10. dxe5 Ngxe5 11. Nxe5 Nxe5 12. O-O-O Be6 13. Bb5+ Bd7 14. Be2 a6 15.
f3 h5 16. h4 g4 17. f4 Ng6 18. Qe3 O-O 19. Nd5 Ne7 20. Nc3 b5 21. e5 Nf5 22. Qd3
Be6 23. Ne4 Bc4 24. Qd2 d5 25. Bxc4 dxc4 26. Qc3 Qe7 27. Bf2 Rfd8 28. g3 Qe6  1/2-1/2

[Event "Olomouc Chess Summer 2023 - D2"]
[Site "Olomouc (CZE), Hotel Flora"]
[Date "2023.08.14"]
[Round "4"]
[Board "14"]
[White "Chubar, Vladimir"]
[Black "Hruska, Vladimir"]
[Result "1-0"]
[WhiteElo "1781"]
[BlackElo "1860"]
[PlyCount "0"]
[EventDate "2023.08.12"]
[EventRounds "9"]
[EventCountry "CZE"]

1. Nf3 Nf6 2. d4 d5 3. Bg5 e6 4. Nc3 Be7 5. Bxf6 Bxf6 6. e4 dxe4 7. Nxe4 Be7 8. Bd3
Nd7 9. Qe2 b6 10. Bb5 Bb7 11. Ne5 c6 12. Bxc6 Bxc6 13. Nxc6 Qc7 14. Nxe7 Kxe7 15.
O-O Nf6 16. Nxf6 gxf6 17. d5 Qe5 18. Qxe5 fxe5 19. Rae1 Rhd8 20. Rxe5 Rxd5 21. Rxd5
exd5 22. Rd1 Rd8 23. Rd4 Rd6 24. c3 a5 25. a4 Kd7 26. Kf1 h6 27. Ke2 Kc6 28. Rf4
f6 29. Kd3 Re6 30. b4 axb4 31. cxb4 Kd6 32. Kd4 Kc6 33. f3  1-0

[Event "Olomouc Chess Summer 2023 - D2"]
[Site "Olomouc (CZE), Hotel Flora"]
[Date "2023.08.14"]
[Round "4"]
[Board "15"]
[White "Spanton, Tim R"]
[Black "Sysala, Stanislav"]
[Result "1-0"]
[WhiteElo "1858"]
[BlackElo "1690"]
[PlyCount "0"]
[EventDate "2023.08.12"]
[EventRounds "9"]
[EventCountry "CZE"]

1. Nc3 d5 2. d4 e6 3. e4 Nf6 4. Bg5 dxe4 5. Nxe4 Be7 6. Nxf6+ Bxf6 7. Bxf6 Qxf6 8.
Bd3 O-O 9. Nf3 c5 10. O-O Nc6 11. dxc5 Ne5 12. Nxe5 Qxe5 13. b4 a5 14. a3 axb4 15.
axb4 Bd7 16. Rxa8 Rxa8 17. Bxh7+ Kxh7 18. Qxd7 Qf4 19. Rb1 Ra2 20. g3 Qf6 21. Qxb7
 1-0

[Event "Olomouc Chess Summer 2023 - D2"]
[Site "Olomouc (CZE), Hotel Flora"]
[Date "2023.08.14"]
[Round "4"]
[Board "16"]
[White "Kubala, Karel"]
[Black "Fiala, Jiri"]
[Result "1/2-1/2"]
[WhiteElo "1747"]
[BlackElo "1836"]
[PlyCount "0"]
[EventDate "2023.08.12"]
[EventRounds "9"]
[EventCountry "CZE"]

1. d4 Nf6 2. Nf3 d5 3. c4 e6 4. Nc3 c6 5. e3 Nbd7 6. cxd5 exd5 7. Bd3 Be7 8. O-O
O-O 9. a3 Re8 10. b4 Nf8 11. h3 Bd6 12. b5 Ne4 13. Qc2 f5 14. bxc6 bxc6 15. Ne2 Bd7
16. a4 Ng6 17. g3 f4 18. Nxf4 Nxf4 19. exf4 Rc8 20. Kh2 Qf6 21. Ne5 Be6 22. Bxe4
dxe4 23. Qxe4 Bd5 24. Qd3 Bxe5 25. fxe5 Qf7 26. Qe3 Rb8 27. f4 Rb3 28. Qe1 Qf5 29.
Qf2 Reb8 30. Ra3 Be6  1/2-1/2

[Event "Olomouc Chess Summer 2023 - D2"]
[Site "Olomouc (CZE), Hotel Flora"]
[Date "2023.08.15"]
[Round "5"]
[Board "1"]
[White "Glatt, Gabor"]
[Black "Kudrlicka, Ladislav"]
[Result "1-0"]
[WhiteElo "2220"]
[BlackElo "1993"]
[PlyCount "0"]
[EventDate "2023.08.12"]
[EventRounds "9"]
[EventCountry "CZE"]

1. e4 e5 2. Nf3 Nc6 3. Bc4 Nf6 4. Ng5 Bc5 5. Bxf7+ Ke7 6. Bb3 Qe8 7. d3 d6 8. Be3
Bg4 9. Nf3 Qh5 10. Nbd2 Rhf8 11. Qe2 Nd4 12. Bxd4 Bxd4 13. O-O-O Bb6 14. Kb1 Bxf3
15. Nxf3 Ng4 16. Rhf1 g5 17. d4 Rf6 18. Nxe5 dxe5 19. h3 Bxd4 20. hxg4 Qe8 21. Qd2
Rf4 22. f3 h6 23. Qb4+  1-0

[Event "Olomouc Chess Summer 2023 - D2"]
[Site "Olomouc (CZE), Hotel Flora"]
[Date "2023.08.15"]
[Round "5"]
[Board "2"]
[White "Sejkora, Vlastimil"]
[Black "Marek, Jiri"]
[Result "1-0"]
[WhiteElo "2139"]
[BlackElo "1890"]
[PlyCount "0"]
[EventDate "2023.08.12"]
[EventRounds "9"]
[EventCountry "CZE"]

1. g3 g6 2. Bg2 Bg7 3. e4 c5 4. Ne2 Nc6 5. c3 Nf6 6. d4 cxd4 7. cxd4 d6 8. h3 O-O
9. Nbc3 e5 10. Be3 b6 11. O-O Bb7 12. Rc1 Re8 13. d5 Nb4 14. a3 Na6 15. b4 Re7 16.
Qb3 Nc7 17. Rc2 b5 18. a4 a6 19. Bb6 Qb8 20. Be3 Bc8 21. Ra1 Qb7 22. a5 Nce8 23.
Rac1 Rc7 24. Kh2 Bd7 25. f4 Nh5 26. Nd1 Rac8 27. Nf2 Bf6 28. Nd3 Rxc2 29. Rxc2 Rxc2
30. Qxc2 exf4 31. gxf4 Qc8 32. Qxc8 Bxc8 33. e5 Be7 34. Be4 Nhg7 35. Nd4 Bf8 36.
Nc6 Nf5 37. Bb6 Kg7 38. Ne1 h6 39. Nf3 Kg8 40. Nfd4 Nxd4 41. Bxd4 Ng7 42. Bb6 Nh5
43. Bc7 Nxf4 44. exd6 f5 45. Bf3 Nd3 46. Be2 Nc1 47. Bxb5 axb5 48. Nb8 Bxd6+ 49.
Bxd6 Bb7 50. Nc6 Nd3 51. Nd4 Bxd5 52. Nxb5 f4 53. Nc3 f3 54. Nxd5 Kf7  1-0

[Event "Olomouc Chess Summer 2023 - D2"]
[Site "Olomouc (CZE), Hotel Flora"]
[Date "2023.08.15"]
[Round "5"]
[Board "3"]
[White "Kubicek, Antonin"]
[Black "Groh, Jiri"]
[Result "1-0"]
[WhiteElo "2068"]
[BlackElo "2004"]
[PlyCount "0"]
[EventDate "2023.08.12"]
[EventRounds "9"]
[EventCountry "CZE"]

1. g3 g6 2. Bg2 Bg7 3. d3 d6 4. e4 c5 5. Nc3 Nc6 6. f4 e6 7. Nf3 Nge7 8. O-O O-O
9. Kh1 b6 10. Ne2 Bb7 11. g4 f5 12. Ng3 Qd7 13. gxf5 exf5 14. c3 Rad8 15. Re1 h6
16. Bd2 Kh7 17. Qe2 b5 18. Qf2 a5 19. Re2 b4 20. Rae1 a4 21. a3 bxa3 22. bxa3 Ba6
23. Qe3 Rde8 24. Nh4 Bf6 25. Nf3 fxe4 26. Qxe4 Nf5 27. Qxa4 Rxe2 28. Nxe2 Bxd3 29.
Nc1 c4 30. Nxd3 cxd3 31. Qe4 Rf7 32. Qxd3 Re7 33. a4 Rxe1+ 34. Nxe1 Nce7 35. Qc4
Kg7 36. Nc2 Nh4 37. Nd4 d5 38. Qb5 Qg4 39. Qe2 Qd7 40. a5 Nxg2 41. Kxg2 Nc6 42. Ne6+
Kf7 43. Nc5 Qe7 44. Qxe7+ Kxe7 45. a6 Kd6 46. Na4 Kc7 47. Kf3 Kb8 48. Nb6 Ka7 49.
Nxd5 Bd8 50. Nb4 Nxb4 51. cxb4 Kxa6 52. Ke4 Kb5 53. Kd5 Bb6 54. Ke6 Bd4 55. Kf7 g5
56. f5 g4 57. Kg6 Be5 58. Kh5  1-0

[Event "Olomouc Chess Summer 2023 - D2"]
[Site "Olomouc (CZE), Hotel Flora"]
[Date "2023.08.15"]
[Round "5"]
[Board "4"]
[White "Mayer, Josef"]
[Black "Lorenc, Oldrich"]
[Result "1/2-1/2"]
[WhiteElo "1846"]
[BlackElo "2043"]
[PlyCount "0"]
[EventDate "2023.08.12"]
[EventRounds "9"]
[EventCountry "CZE"]

1. c4 c5 2. Nc3 Nc6 3. g3 g6 4. Bg2 Bg7 5. Nf3 Nf6 6. O-O O-O 7. d4 cxd4 8. Nxd4
Nxd4 9. Qxd4 d6 10. Qd3 a6 11. Be3 Ng4 12. Bd4 Ne5 13. Qd1 Rb8 14. b3 Be6 15. Nd5
Bxd5 16. cxd5 Rc8 17. Bh3 f5 18. f4 Nd7 19. Bxg7 Kxg7 20. Qd4+ Kg8 21. e4 Qb6 22.
Qxb6 Nxb6 23. Rac1 Rb8 24. Rc7 Rf7 25. Rfc1 Kf8 26. Kf2 Ke8 27. Ke3 Kd8 28. R7c2
Rc8 29. Rxc8+ Nxc8 30. g4 fxe4 31. g5 Nb6 32. Be6 Rf8 33. a4 Nd7 34. a5 Nc5 35. Bg4
Rxf4 36. Kxf4 Nd3+ 37. Kxe4 Nxc1 38. Bd1 Kc7 39. Kd4 Na2 40. Kc4 b5+ 41. axb6+ Kxb6
42. b4 a5 43. bxa5+ Kxa5 44. h4 Nb4 45. Bb3 Na6 46. Bc2 Nc5 47. Kd4 Nd7 48. Bd3 Ne5
49. Be2 Kb6  1/2-1/2

[Event "Olomouc Chess Summer 2023 - D2"]
[Site "Olomouc (CZE), Hotel Flora"]
[Date "2023.08.15"]
[Round "5"]
[Board "5"]
[White "Mlynek, Petr"]
[Black "Lepik, Jaroslav"]
[Result "1/2-1/2"]
[WhiteElo "1973"]
[BlackElo "1830"]
[PlyCount "0"]
[EventDate "2023.08.12"]
[EventRounds "9"]
[EventCountry "CZE"]

1. d4 Nf6 2. c4 e6 3. g3 c5 4. d5 exd5 5. cxd5 d6 6. Nc3 a6 7. a4 Bg4 8. h3 Bh5 9.
Bg2 Be7 10. Nf3 Nbd7 11. O-O O-O 12. Nh4 Ne8 13. Nf5 Bf6 14. Ne4 Qc7 15. Nxf6+ Ndxf6
16. Bf4 Bg6 17. g4 Bxf5 18. gxf5 Qd7 19. e4 b5 20. Ra3 b4 21. Rg3 Kh8 22. b3 Rg8
23. Qf3 Rc8 24. Rc1 a5 25. Rc4 Qe7 26. Bg5 Qe5 27. Bf1 Nd7 28. Bf4 Qe7 29. Qg2  1/2-1/2

[Event "Olomouc Chess Summer 2023 - D2"]
[Site "Olomouc (CZE), Hotel Flora"]
[Date "2023.08.15"]
[Round "5"]
[Board "6"]
[White "Lexa, Vaclav"]
[Black "Heppell, Ian N"]
[Result "0-1"]
[WhiteElo "1767"]
[BlackElo "1946"]
[PlyCount "0"]
[EventDate "2023.08.12"]
[EventRounds "9"]
[EventCountry "CZE"]

1. d4 d6 2. c4 f5 3. Nf3 Nf6 4. g3 g6 5. Bg2 Bg7 6. Nc3 O-O 7. O-O Qe8 8. b3 e5 9.
dxe5 dxe5 10. Ng5 Na6 11. Nb5 h6 12. Nf3 Rf7 13. Bb2 Re7 14. e3 Ne4 15. Qe2 c6 16.
Na3 Bd7 17. Rfd1 Rd8 18. Nd2 Nec5 19. Nc2 Bc8 20. Ba3 Red7 21. b4 Na4 22. c5 Qf7
23. Bf1 Nc3 24. Qe1 Kh7 25. Bc4 Qxc4  0-1

[Event "Olomouc Chess Summer 2023 - D2"]
[Site "Olomouc (CZE), Hotel Flora"]
[Date "2023.08.15"]
[Round "5"]
[Board "7"]
[White "Briza, Jiri"]
[Black "Spanton, Tim R"]
[Result "1/2-1/2"]
[WhiteElo "1830"]
[BlackElo "1858"]
[PlyCount "0"]
[EventDate "2023.08.12"]
[EventRounds "9"]
[EventCountry "CZE"]

1. e4 e5 2. Nf3 Nc6 3. Bb5 Nf6 4. O-O Nxe4 5. d4 Nd6 6. Bxc6 dxc6 7. dxe5 Nf5 8.
Qxd8+ Kxd8 9. Ng5 Ke8 10. Nd2 Be7 11. Ndf3 h6 12. Ne4 Be6 13. b3 a5 14. a4 b6 15.
Bb2 Rd8 16. Rfd1 Rd7 17. h3 h5 18. Neg5 Bxg5 19. Nxg5 h4 20. Rxd7 Kxd7 21. Rd1+ Ke7
22. Nxe6 Kxe6 23. Kf1 Ne7 24. c4 c5 25. f4 g6 26. Kf2 Nf5 27. Kf3 Rg8 28. Kf2 Ke7
29. e6 fxe6 30. Be5 Nd6 31. Rd3 g5 32. g4 hxg3+ 33. Kxg3 gxf4+ 34. Kxf4 Rf8+ 35.
Ke3 Rf5 36. Bg3 Rh5 37. Ke2 e5 38. Bf2 Nf5 39. Kd2 e4 40. Rd5 Ke6 41. h4 c6 42. Rd8
Nxh4 43. Re8+ Kf5 44. Rf8+ Kg4 45. Ke3 Nf5+ 46. Kxe4 Nd6+ 47. Kd3 Rh3+ 48. Be3 Nf5
49. Rg8+ Kf3 50. Rf8 Kg4 51. Rg8+ Kf3  1/2-1/2

[Event "Olomouc Chess Summer 2023 - D2"]
[Site "Olomouc (CZE), Hotel Flora"]
[Date "2023.08.15"]
[Round "5"]
[Board "8"]
[White "Pesek, Petr"]
[Black "Chubar, Vladimir"]
[Result "1/2-1/2"]
[WhiteElo "1927"]
[BlackElo "1781"]
[PlyCount "0"]
[EventDate "2023.08.12"]
[EventRounds "9"]
[EventCountry "CZE"]

1. e4 g6 2. Nc3 Bg7 3. g3 e5 4. Bg2 Ne7 5. Nge2 Nbc6 6. O-O d6 7. h3 Be6 8. d3 Qd7
9. Kh2 h5 10. Be3 h4 11. g4 f5 12. exf5 gxf5 13. gxf5 Nxf5 14. Qd2 O-O-O 15. Rad1
Rdg8 16. Rg1 d5 17. Bg5 Bh6 18. Bxh6 Rxh6 19. Bf3 Rhg6 20. Rxg6 Rxg6 21. Rg1 Rxg1
22. Nxg1 Ncd4 23. Bd1 Qg7 24. Bg4 c6 25. Nce2 Qf6 26. c3 Ng3 27. Bxe6+ Nxe6 28. Nxg3
hxg3+ 29. fxg3 e4 30. dxe4 dxe4 31. Kg2 Qf5 32. Qf2 Qe5 33. Qe3 Qf5 34. Ne2 Qd5 35.
Nf4 Qxa2 36. Nxe6 Qxe6 37. g4 a5 38. Kg3  1/2-1/2

[Event "Olomouc Chess Summer 2023 - D2"]
[Site "Olomouc (CZE), Hotel Flora"]
[Date "2023.08.15"]
[Round "5"]
[Board "9"]
[White "Titera, Libor"]
[Black "Novotny, Jaroslav"]
[Result "0-1"]
[WhiteElo "1760"]
[BlackElo "1919"]
[PlyCount "0"]
[EventDate "2023.08.12"]
[EventRounds "9"]
[EventCountry "CZE"]

1. e4 c5 2. a3 d6 3. b4 cxb4 4. axb4 Nf6 5. Qe2 Nc6 6. c3 e5 7. h3 Be7 8. Na3 O-O
9. Nf3 Re8 10. b5 Na5 11. d3 d5 12. Qc2 dxe4 13. dxe4 b6 14. Nc4 Nxc4 15. Bxc4 Qc7
16. Qb3 Bc5 17. O-O h6 18. Bd5 Nxd5 19. exd5 e4 20. Nd4 Bxd4 21. cxd4 Bf5 22. Ba3
Qb7 23. Rac1 Rac8 24. Rc6 Bd7 25. Qc4 Qb8 26. Bd6 Rxc6 27. Qxc6 Bxc6 28. Bxb8 Bxb5
29. Bxa7 Bxf1 30. Kxf1 b5 31. Bc5 Rb8 32. Bb4 f5 33. Ke2 Kf7 34. f3 exf3+ 35. Kxf3
Rd8 36. d6 Ke6  0-1

[Event "Olomouc Chess Summer 2023 - D2"]
[Site "Olomouc (CZE), Hotel Flora"]
[Date "2023.08.15"]
[Round "5"]
[Board "10"]
[White "Bartos, Alois"]
[Black "Modrova, Hana"]
[Result "1-0"]
[WhiteElo "1884"]
[BlackElo "1781"]
[PlyCount "0"]
[EventDate "2023.08.12"]
[EventRounds "9"]
[EventCountry "CZE"]

1. e4 d6 2. d4 Nf6 3. Nc3 c6 4. f4 Qa5 5. Bd3 e5 6. Nge2 Nbd7 7. O-O Be7 8. h3 exd4
9. Nxd4 Nc5 10. Be3 Nxd3 11. cxd3 Bd7 12. Nde2 Qh5 13. Rf3 h6 14. f5 g5 15. g4 Nxg4
16. hxg4 Qxg4+ 17. Rg3 Qh5 18. Qf1 f6 19. Rh3 Qf7 20. Qg2 O-O-O 21. Bxa7 d5 22. Qh2
Bxf5 23. exf5 Bd6 24. Qg2 g4 25. Re3 b5 26. Bb6 Rd7 27. d4 Kb7 28. Ba5 Ka6 29. b4
h5 30. a4 bxa4 31. Nxa4 Kb7 32. Nc5+ Bxc5 33. bxc5 Ra8 34. Nf4 Kc8 35. Bc3 Rxa1+
36. Bxa1 Rb7 37. Re1 Rb3 38. Qe2 h4 39. Qa6+ Qb7 40. Qxb7+ Kxb7 41. Ne2 Rf3 42. Bc3
Rxf5 43. Bd2 Rf3 44. Rf1 Rd3 45. Bf4 Kc8 46. Bh6 Kd7 47. Rxf6 Rd1+ 48. Rf1 Rxf1+
49. Kxf1 Ke6 50. Bg5 h3 51. Ng3 Kf7 52. Kg1 Kg6 53. Bd8 Kf7 54. Kh2 Ke8 55. Bh4 Kf7
56. Nf5 Kg6 57. Ne7+ Kf7 58. Nxc6 Ke6 59. Ne5 Kf5 60. c6  1-0

[Event "Olomouc Chess Summer 2023 - D2"]
[Site "Olomouc (CZE), Hotel Flora"]
[Date "2023.08.15"]
[Round "5"]
[Board "11"]
[White "Musil, Vitezslav"]
[Black "Pokora, Lubomir"]
[Result "1-0"]
[WhiteElo "1871"]
[BlackElo "1756"]
[PlyCount "0"]
[EventDate "2023.08.12"]
[EventRounds "9"]
[EventCountry "CZE"]

1. Nf3 d6 2. g3 e5 3. d3 Nf6 4. Bg2 Nbd7 5. c4 c6 6. Nc3 Be7 7. O-O O-O 8. Bd2 h6
9. e4 Nc5 10. Be3 Qc7 11. b4 Ne6 12. Rc1 Bd7 13. Nh4 Nd8 14. Nf5 Bxf5 15. exf5 Qd7
16. g4 Nh7 17. Ne4 Ng5 18. Nxg5 hxg5 19. Qd2 f6 20. d4 Nf7 21. d5 c5 22. bxc5 dxc5
23. d6 Bxd6 24. Bxc5 Qc7 25. Bxd6 Nxd6 26. Qd5+ Rf7 27. Rfd1 Ne8 28. Qe6 Rd8 29.
Rxd8 Qxd8 30. Bd5  1-0

[Event "Olomouc Chess Summer 2023 - D2"]
[Site "Olomouc (CZE), Hotel Flora"]
[Date "2023.08.15"]
[Round "5"]
[Board "12"]
[White "Bohman, Leif"]
[Black "Dvorak, Vladimir"]
[Result "1/2-1/2"]
[WhiteElo "1715"]
[BlackElo "1864"]
[PlyCount "0"]
[EventDate "2023.08.12"]
[EventRounds "9"]
[EventCountry "CZE"]

1. d4 e6 2. Nf3 f5 3. Bf4 Nf6 4. h3 b6 5. Nbd2 Bb7 6. e3 g6 7. Be2 Bg7 8. O-O O-O
9. Re1 d6 10. Bh2 Nbd7 11. c3 Qe7 12. Qb3 Rae8 13. Rad1 Kh8 14. Nf1 Ne4 15. Ng3 Ndf6
16. Nd2 Bh6 17. Bf1 g5 18. Bd3 Nxd2 19. Rxd2 f4 20. exf4 Nd5 21. Nf5 Qf6 22. Nxh6
Qxh6 23. Be4 Ba8  1/2-1/2

[Event "Olomouc Chess Summer 2023 - D2"]
[Site "Olomouc (CZE), Hotel Flora"]
[Date "2023.08.15"]
[Round "5"]
[Board "13"]
[White "Kolek, Josef"]
[Black "Becvar, Miroslav"]
[Result "1/2-1/2"]
[WhiteElo "1752"]
[BlackElo "1841"]
[PlyCount "0"]
[EventDate "2023.08.12"]
[EventRounds "9"]
[EventCountry "CZE"]

1. e4 e6 2. d4 d5 3. Nd2 c5 4. exd5 Qxd5 5. dxc5 Bxc5 6. Ngf3 Nf6 7. Be2 O-O 8. O-O
Nc6 9. c3 Qd8 10. Qc2 h6 11. Rd1 Qc7 12. Nf1 b6 13. a3 Bb7 14. b4 Bd6 15. Bb2 Ne5
16. Nxe5 Bxe5 17. f3 Rac8 18. c4 Bf4 19. g3 Be5 20. Rac1 Nd7 21. Rxd7 Qxd7 22. Bxe5
f6 23. Bf4 e5 24. Be3 f5 25. c5 f4 26. gxf4 exf4 27. Bf2 Qh3 28. Nd2 Rf5 29. Kh1
Rh5 30. Bg1 Rg5 31. Bc4+ Kh8 32. Bf1 Bxf3+ 33. Nxf3 Qxf3+ 34. Bg2 Rxg2 35. Qxg2 Qxa3
36. Rf1 Qxb4 37. cxb6 axb6 38. Qf3 Rf8 39. Rd1 b5 40. Bd4 Qc4 41. Be5 Kg8 42. Qd5+
Rf7 43. Qxc4 bxc4 44. Rc1 g5 45. Rxc4 Re7 46. Rc5 Kf7 47. Rc7 Rxc7 48. Bxc7 Ke6 49.
h3 Kf5 50. Kg2 h5  1/2-1/2

[Event "Olomouc Chess Summer 2023 - D2"]
[Site "Olomouc (CZE), Hotel Flora"]
[Date "2023.08.15"]
[Round "5"]
[Board "14"]
[White "Fiala, Jiri"]
[Black "Mezihorak, Rostislav"]
[Result "1-0"]
[WhiteElo "1836"]
[BlackElo "1701"]
[PlyCount "0"]
[EventDate "2023.08.12"]
[EventRounds "9"]
[EventCountry "CZE"]

1. d4 Nf6 2. c4 g6 3. Nc3 Bg7 4. e4 d6 5. f4 O-O 6. Nf3 Re8 7. e5 Nfd7 8. Ng5 h6
9. e6 hxg5 10. exd7 Nxd7 11. fxg5 e5 12. d5 a5 13. Be2 Nc5 14. O-O Bf5 15. Bg4 Bd3
16. Re1 Bxc4 17. Ne4 b6 18. Bf3 Ba6 19. Nxc5 bxc5 20. h4 Bc8 21. Be4 Rf8 22. Rf1
f5 23. gxf6 Rxf6 24. Bg5 Rxf1+ 25. Qxf1 Qe8 26. Qd3 Bf5 27. Bxf5 gxf5 28. Qxf5 Qf7
29. Qe4 Qd7 30. h5 Qf7 31. h6 Bf8 32. Rf1 Qh7 33. Qg4 Qg6 34. Rf6 Qe8 35. Qf5 Qh5
 1-0

[Event "Olomouc Chess Summer 2023 - D2"]
[Site "Olomouc (CZE), Hotel Flora"]
[Date "2023.08.15"]
[Round "5"]
[Board "15"]
[White "Kulhavy, Frantisek"]
[Black "Kubala, Karel"]
[Result "1-0"]
[WhiteElo "1801"]
[BlackElo "1747"]
[PlyCount "0"]
[EventDate "2023.08.12"]
[EventRounds "9"]
[EventCountry "CZE"]

1. e4 e6 2. d4 d5 3. Nd2 dxe4 4. Nxe4 Nf6 5. Nxf6+ Qxf6 6. Nf3 h6 7. Bd3 Bd6 8. O-O
O-O 9. Re1 Nc6 10. c3 b6 11. Qe2 Rd8 12. Qe4 Bb7 13. d5 Ne7 14. Qh7+ Kf8 15. Be3
e5 16. Bd4 exd4 17. Qh8+ Ng8 18. Bh7  1-0

[Event "Olomouc Chess Summer 2023 - D2"]
[Site "Olomouc (CZE), Hotel Flora"]
[Date "2023.08.15"]
[Round "5"]
[Board "16"]
[White "Divis, Jan"]
[Black "Brousek, Jiri"]
[Result "0-1"]
[WhiteElo "1465"]
[BlackElo "1792"]
[PlyCount "0"]
[EventDate "2023.08.12"]
[EventRounds "9"]
[EventCountry "CZE"]

1. d4 d5 2. Bf4 Nf6 3. e3 e6 4. Nd2 Be7 5. c3 O-O 6. Ngf3 b6 7. Be2 Ba6 8. O-O Bxe2
9. Qxe2 c5 10. Ne5 Nfd7 11. Ndf3 f6 12. Nxd7 Qxd7 13. h3 Nc6 14. Rfe1 Rae8 15. Qd2
a5 16. a4 Rc8 17. Bg3 Rfe8 18. Kf1 Bd6 19. Bxd6 Qxd6 20. Kg1 e5 21. dxe5 fxe5 22.
e4 d4 23. cxd4 Nxd4 24. Nxd4 Qxd4 25. Qc2 Rcd8 26. Rad1 Qb4 27. Re3 Rxd1+ 28. Qxd1
Qxb2 29. Qd5+ Kh8 30. Qf7 Rg8 31. Rf3 Qb1+ 32. Kh2 Qxe4 33. Qe7 h6 34. Re3 Qf4+ 35.
Kg1 Rf8 36. Rf3 Qc1+ 37. Kh2 Rxf3 38. gxf3 Qf4+ 39. Kg2 Qg5+ 40. Qxg5 hxg5 41. Kf1
Kh7 42. Ke2 Kg6 43. Kd3 Kf5 44. Kc4 Kf4 45. Kb5 Kxf3 46. Kxb6 c4 47. Kxa5 c3  0-1

[Event "Olomouc Chess Summer 2023 - D2"]
[Site "Olomouc (CZE), Hotel Flora"]
[Date "2023.08.16"]
[Round "6"]
[Board "1"]
[White "Glatt, Gabor"]
[Black "Sejkora, Vlastimil"]
[Result "1/2-1/2"]
[WhiteElo "2220"]
[BlackElo "2139"]
[PlyCount "0"]
[EventDate "2023.08.12"]
[EventRounds "9"]
[EventCountry "CZE"]

1. e4 g6 2. d4 Bg7 3. Nf3 d6 4. Bd3 c6 5. O-O e5 6. dxe5 dxe5 7. Be3 Nd7 8. a4 Ngf6
9. h3 O-O 10. Nbd2 Qe7 11. Nb3 Rd8 12. Qe2 Nh5 13. Rad1 Nf4  1/2-1/2

[Event "Olomouc Chess Summer 2023 - D2"]
[Site "Olomouc (CZE), Hotel Flora"]
[Date "2023.08.16"]
[Round "6"]
[Board "2"]
[White "Heppell, Ian N"]
[Black "Kubicek, Antonin"]
[Result "1/2-1/2"]
[WhiteElo "1946"]
[BlackElo "2068"]
[PlyCount "0"]
[EventDate "2023.08.12"]
[EventRounds "9"]
[EventCountry "CZE"]

1. e4 g6 2. d4 Bg7 3. Nf3 d6 4. c3 Nf6 5. Bd3 O-O 6. O-O Nbd7 7. Re1 e5 8. Nbd2 Re8
9. Qb3 h6 10. a4 a5 11. Nf1 c6 12. Ng3 Qc7 13. Bd2 Nf8 14. dxe5 dxe5 15. Be3 Be6
16. Bc4 N8d7 17. Bxe6 Rxe6 18. h3 Bf8 19. Red1 Nc5 20. Qc4 Nfd7 21. Nd2 Nb6 22. Qe2
Ncxa4 23. Nb3 Rd6 24. Rxd6 Qxd6 25. Nf1 Qe6 26. Nfd2 c5 27. Qb5 Qc6 28. Qxc6 bxc6
29. c4 Nxb2 30. Rxa5 Rxa5 31. Nxa5 Nd1 32. Nf1 Nc3 33. Nd2 Ne2+ 34. Kf1 Nd4 35. f4
f6 36. fxe5 fxe5 37. Nf3 Nd7 38. Kf2 Kf7 39. Bxd4 cxd4 40. Nxc6 Kf6 41. Ne1 Nc5 42.
Kf3 h5 43. Nb4 Bh6 44. Ned3 Nb3 45. Nc6 Nd2+ 46. Ke2 Nxc4 47. Kf1 Ke6 48. Ke2 Kd6
49. Nd8 Kd7 50. Nf7 Bg7 51. Ng5 Bf6 52. Nf3 h4 53. Nd2 Ne3 54. Kf2 Kd6 55. g3 Ke6
56. gxh4 Bxh4+ 57. Kf3 Be7 58. Kg3 Bf6 59. Nc5+ Kd6 60. Nd3 Nd1 61. Nc4+ Ke6 62.
Nd2 Nc3 63. Kg4 Be7 64. Kf3 Bd6 65. Kg4 Kf6 66. h4 Na4 67. Kf3 Ke6 68. Kg4 Nc5 69.
Nf2 Kf6 70. Nc4 Bf8 71. h5 gxh5+ 72. Kxh5 Ke6 73. Kg4 Bh6 74. Kf3 d3 75. Nb2 d2 76.
Ke2 Nb3 77. Nc4 Bf4 78. Kd1 Kd7 79. Nd3 Ke6 80. Nxf4+ exf4 81. Nxd2 Nd4  1/2-1/2